| 000 | 01613nam0a2200325 4500 | ||
|---|---|---|---|
| 001 | RU\NLR\bibl\1372643 | ||
| 005 | 20260406210350.0 | ||
| 021 |
_aRU _b2009-22595 _91337 |
||
| 035 | _a(NLR Aleph) 001364768 | ||
| 090 |
_a1003878 _c1003878 |
||
| 100 | _a20090521d2007 |||y0rusy50 ca | ||
| 101 | 0 | _arus | |
| 102 | _aRU | ||
| 105 | _aa ||||||||| | ||
| 200 | 1 |
_aГригорий Ильич Сильман _eбиобиблиографическое пособие _fБрян. гос. инж.-технол. акад. _g[сост. Е.С. Сысоева и к.т.н., доц. Серпик Л.Г.] |
|
| 210 |
_aБрянск _cРедакционно-издательский отдел Брянской государственной инженерно-технологической академии _d2007 |
||
| 215 |
_a56 с. _cил., цв. ил. _d20 |
||
| 225 | 1 | _aУченые БГИТА | |
| 300 | _aНа обл. загл. сер.: Ученые академии | ||
| 320 | _aИмен. указ. соавт.: с. 53-55 | ||
| 600 | 1 |
_aСильман _f1935 _gГригорий Ильич _jБиобиблиография _92376265 _3RU\NLR\auth\661418033 |
|
| 686 | _aК61д(2)Сильман | ||
| 702 | 1 |
_aСысоева _bЕ. С. _4220 |
|
| 712 | 0 | 2 |
_4570 _aБрянская государственная инженерно-технологическая академия _3RU\NLR\AUTH\889967196 _9430728 |
| 801 | 0 |
_aRU _bNLR _c20090521 _gRCR |
|
| 801 | 1 |
_aRU _bNLR _c20090521 |
|
| 942 | _cBOOK | ||
| 980 | _aNB | ||
| 980 | _aNBR | ||